01189nam a2200193Ia 4500001001100000003001000011008004100021040002500062041001300087100002800100245007600128250001100204260009200215300002700307500026200334501011400596520026200710650002300972L250-16815IT-CnALBA170116s9999||||xx |||||||||||||| ||und|| aIT-CnALBAcIT-CnALBA aITALIANO aARNOLD FRANZ XAVER, SJ. 0aIL MINISTERO DELLA FEDE. ISTANZE PIÙ URGENTI DELLA PASTORALE D'OGGI.  a1a ed. aCINISELLO BALSAMO (MI)bEDIZIONI PAOLINEc1954 [1° Ed.:1954 - Ed.Ling.Originale: 1948] a120 p. (prefazione: 7) aTRADUZIONE DAL TEDESCO DI GAIA PIO. FEDE VIA DI SALVEZZA E REALTÀ SOPRANNATURALE. RAPPORTO TRA PREDICAZIONE E SACRAMENTO NEL LAVORO APOSTOLICO. RINNOVAMENTO KERIGMATICO. APPROFONDIMENTO BIBLICO. SENSO TEORICO SALVIFICO. INTELLIGENZA DEL KARIGMA. RINNOVAME aSocietà San Paolo EM - Piazza San Paolo, 14 - 12051 ALBA (CN) (non commercial uses only) ® Copyright 2017 aTRADUZIONE DAL TEDESCO DI GAIA PIO. FEDE VIA DI SALVEZZA E REALTÀ SOPRANNATURALE. RAPPORTO TRA PREDICAZIONE E SACRAMENTO NEL LAVORO APOSTOLICO. RINNOVAMENTO KERIGMATICO. APPROFONDIMENTO BIBLICO. SENSO TEORICO SALVIFICO. INTELLIGENZA DEL KARIGMA. RINNOVAME aTEOLOGIA PASTORALE